Liedtext - Ohne dich (Münchener Freiheit) - Statistiken

Allgemein
  • Dieses Quiz wurde 426 mal gespielt
  • Das Durchschnittsergebnis liegt bei 165 aus 206
Antwortstatistiken
Liedtext % Korrekt
Ich
99%
ich
99%
dich
98%
nicht
98%
Ohne
98%
heut
95%
will
95%
Will
95%
du
94%
du (8x)
94%
ein
94%
Nacht
94%
schlaf
94%
bist
93%
Das
92%
was
92%
Was
92%
zu
90%
Ruh
85%
heim
84%
komm
84%
zur
80%
fahr
73%
dir
67%
mich
65%
geb
59%
verändern
57%
den
54%
Den
54%
imponieren
54%
kann
54%
Um
54%
mit
51%
Und
50%
offen
48%
Aber
47%
erleben
46%
gebe
46%
eines
45%
halten
41%
uns
41%
Abend
40%
ganzen
40%
interessiert
38%
nichts
38%
als
37%
beide
37%
diskutieren
37%
Besser
36%
eh
36%
irgendwann
36%
Probleme
36%
gleich
35%
erzählen
33%
fasziniert
32%
auch
28%
sagen
28%
so
27%
alles
26%
garantieren
26%
viel
25%
Augenblick
22%
zerstören
21%
erklären
19%
Worten
17%
Keine übereinstimmenden Quizze gefunden
Verteilung der Resultate
Anzahl Personen mit jedem Resultat
Perzentil nach korrekt beantworteten Fragen
Ihre Resultats-Entwicklung
Sie haben dieses Quiz noch nicht gespielt